000 00696nam a2200181 i 4500
001 167372
003 ES-MaACL
005 20230906213518.0
008 990312s1835 fr |||| | fre d
040 _aCCPB | B
_bspa
_cCCPB | B
100 1 _aViardot, Louis.
_9114298
245 1 0 _aÉtudes sur l'histoire des institutions, de la littérature, du théatre et des beaux-arts en Espagne /
_cpar Louis Viardot.
260 _aParis :
_bPaulin,
_c1835 (
_fImprimerie de Dezauche)
300 _aVI, 439 p. ;
_c22 cm.
650 4 _aLiteratura española-
_yHasta S.XV-
_xHistoria y crítica.
_9147212
650 4 _aParlamentos-
_zEspaña-
_vHistoria.
_9138323
852 _aES-MaACL
_jG-11915
_z-- Enc. hol.
999 _c167372
_d167372